000 00231nam a2200097Ia 4500
008 170619s9999 xx 000 0 und d
100 _aMehta Neeraj
245 0 _aTextbook of Engineering Physics (Part-II)
260 _bPHI
260 _c2009
546 _aENGLISH
999 _c19855
_d19855